Entry Nombre personal
001 - NÚMERO DE CONTROL
- campo de control: 114475
003 - IDENTIFICADOR DE NÚMERO DE CONTROL
- campo de control: SpMaBN
005 - FECHA Y HORA DE LA ÚLTIMA TRANSACCIÓN
- campo de control: 20240308171317.0
008 - ELEMENTOS DE DATO DE LONGITUD-FIJA
- campo de control de longitud fija: 901120nn aijnnaabn n aaa
016 ## - NÚMERO DE CONTROL DE UNA AGENCIA BIBLIOGRÁFICA NACIONAL
- Número de control del registro: BNE19900155955
024 7# - IDENTIFICADOR DE OTROS ESTÁNDARES
- Número estándar o código: http://viaf.org/viaf/62847335/
- Fuente: viaf
024 7# - IDENTIFICADOR DE OTROS ESTÁNDARES
- Número estándar o código: https://isni.org/isni/0000000059264028
- Fuente: isni
040 ## - FUENTE DE CATALOGACIÓN
- Centro catalogador/agencia de origen: SpMaBN
- Lengua de catalogación: spa
- Centro/agencia transcriptor: SpMaBN
- Normas de descripción: rdc
- Convención/Normas de encabezamiento de materia/tesauro: embne
046 ## - FECHAS CON CODIFICACIÓN ESPECIAL
- Fecha de nacimiento: 1905
- Fecha de la muerte: 1992
100 1# - ENCABEZAMIENTO-NOMBRE DE PERSONA
- Nombre de persona: Vidal Corella, Vicente,
- Fechas asociadas al nombre: 1905-1992
375 ## - GÉNERO/SEXO
- Género: Masculino
510 2# - TRAZADO DE VÉASE ADEMÁS--NOMBRE DE ENTIDAD CORPORATIVA
- Nombre de entidad corporativa o nombre de jurisdicción como elemento de entrada: Fotos Vidal Corella
670 ## - FUENTE DE DATOS ENCONTRADOS
- Cita de la fuente: Historia gráfica del fútbol valenciano, 1982
670 ## - FUENTE DE DATOS ENCONTRADOS
- Cita de la fuente: WWW 20 Minutos, 19-11-2014
- Información encontrada: (Vicente Vidal Corella; 1905-1992; periodista y escritor)
670 ## - FUENTE DE DATOS ENCONTRADOS
- Cita de la fuente: Martín Vidal Corella, 2006
- Información encontrada: p. 62 (En 1935 Martín Vidal Corella se traslada a su nuevo domicilio en la calle Ribera donde junto a su hermano Vicente se establecerá un estudio fotográfico independiente del que posee su padre en la calle Garrigues)
